| 000 | 01091nam a22003617a 4500 | ||
|---|---|---|---|
| 001 | BR2016000321 | ||
| 003 | BR-BrBNA | ||
| 005 | 20230928104803.0 | ||
| 007 | ta | ||
| 008 | 230509b bl.||||| |||| 00| 0 por d | ||
| 040 |
_aBR-BrBNA _bpor _cBiblioteca Nacional de Agricultura |
||
| 041 | _a(Por) | ||
| 072 |
_aSem Cat Prim; P06; F30 _b0230 |
||
| 090 | _ 0230 BR2016000321 | ||
| 100 | 1 | _aVasconcelos, V.D.B. | |
| 110 | 1 |
_aUniversidade Federal de Lavras, MG (Brasil) _0Tese (Mestrado) |
|
| 245 | 1 | _aAvaliação funcional do promotor do gene AnatrC de Aspergillus nidulans na planta modelo Setaria viridis | |
| 260 | 3 |
_aLavras, MG (Brasil): _c2014. |
|
| 300 | _a66 p. | ||
| 500 | _aSummaries (Eng, Por); Bibliography p. 62-66; 17 illus. | ||
| 650 | _aCANA DE AÇÚCAR | ||
| 650 | _aASPERGILLUS NIDULANS | ||
| 650 | _aFUNGO | ||
| 650 | _aGRAMÍNEA | ||
| 650 | _aBACTÉRIA PATOGÊNICA | ||
| 650 | _aPLANTA TRANSGÊNICA | ||
| 650 | _aBIOTECNOLOGIA | ||
| 650 | _aETANOL | ||
| 650 | _aDNA | ||
| 650 | _aEXTRAÇÃO | ||
| 909 |
_a202309 _bLucia _c55 _dLucia Elande |
||
| 942 | _cBK | ||
| 999 |
_c81755 _d81755 |
||